Normal view MARC view
  • Dr. Attaullah Memon

Entry Personal Name

Number of records used in: 11

001 - CONTROL NUMBER

  • control field: 19345

003 - CONTROL NUMBER IDENTIFIER

  • control field: NUST

005 - DATE AND TIME OF LATEST TRANSACTION

  • control field: 20190819074325.0

008 - FIXED-LENGTH DATA ELEMENTS

  • fixed length control field: 190819|| aca||aabn | a|a d

040 ## - CATALOGING SOURCE

  • Original cataloging agency: NUST
  • Transcribing agency: NUST

100 ## - HEADING--PERSONAL NAME

  • Personal name: Dr. Attaullah Memon

670 ## - SOURCE DATA FOUND

  • Source citation: Work cat.: (NUST): Khalid, Nasir 19344, OUTPUT FEEDBACK STABILIZATION AND REGULATION FOR A CLASS OF UNDER-ACTUATED NON-MINIMUM PHASE BENCHMARK NONLINEAR SYSTEMS /, 2017.
© 2023 Central Library, National University of Sciences and Technology. All Rights Reserved.